000 00678nam a2200241Ia 4500
003 OSt
005 20220918222011.0
006 a|||||r|||| 00| 0
007 ta
008 220917b |||||||| |||| 00| 0 eng d
024 _a214,242
037 _cTextual
040 _aARTS
_cARTS
_beng
041 _2eng
_aeng
082 _aY:1-425.73, P2
100 _aTuriel Elliot
_988159
245 0 _aCulture of morality
_b Social, development, context and conflict
260 _aCambridge
_bCambridge university press
_c2002
300 _ax, 325 p
_ccm.
650 _aSOCIOLOGY
942 _hY:1-425.73, P2
_cTEXL
_2CC
999 _c274267
_d274267